US States with International Borders - Sudden Death - Statistics

General Stats
  • This quiz has been taken 106 times
    49 since last reset
  • The average score is 11 of 15
Answers on the Grid
Answers color-coded by a green-red scale on the quiz's grid according to % correct below.
Alaska
Arizona
California
Colorado
Idaho
Louisiana
Maine
Massachusetts
Michigan
Minnesota
Mississippi
Montana
Nevada
New Hampshire
New Mexico
New York
North Dakota
Pennsylvania
Texas
Utah
Vermont
Washington
Wisconsin
Wyoming
 
Answer Stats
Answer % Correct
Alaska
93%
California
93%
Arizona
90%
Maine
79%
New Mexico
79%
Montana
76%
New York
76%
Michigan
72%
North Dakota
69%
Idaho
66%
Minnesota
66%
Texas
66%
Washington
59%
New Hampshire
55%
Vermont
48%
No matching quizzes found
Score Distribution
Percent of People with Each Score
Percentile by Number Answered
Your Score History
You have not taken this quiz since the last reset